[Event "4th Chennai Open"]
[Site "Chennai IND"]
[Date "2012.01.08"]
[Round "7"]
[White "Nitin, S."]
[Black "Ashwath, R."]
[Result "0-1"]
[WhiteTitle "IM"]
[WhiteElo "2399"]
[BlackElo "2249"]
[WhiteFideId "5018277"]
[BlackFideId "5021049"]
[EventDate "2012.01.04"]

1. Nf3 Nf6 2. g3 d5 3. Bg2 c6 4. O-O Bg4 5. d3 Nbd7 6. Qe1 e5 7. h3 Bxf3 8. Bxf3
e4 9. Bg2 Bc5 10. b4 Bb6 11. a4 a5 12. b5 O-O 13. Kh1 Re8 14. Qd1 e3 15. f4 Nh5
16. Qe1 g5 17. Bf3 Qf6 18. Ra2 Qh6 19. Bb2 gxf4 20. gxf4 Nxf4 21. Qg3+ Ng6 22.
Na3 Rac8 23. Bg4 Bc7 24. Qg2 Rcd8 25. Bf5 Be5 26. c3 Bg7 27. Nc2 Nh4 28. Qg3
Nxf5 29. Rxf5 Re6 30. Rg5 Rg6 31. Rxg6 hxg6 32. Bc1 Bxc3 33. Bxe3 Qh5 34. bxc6
bxc6 35. Bd4 Bd2 36. Qg2 Re8 37. e3 Qd1+ 38. Kh2 c5 39. Qxd5 Qe2+ 40. Kg3 cxd4
41. Qxd7 Be1+ 42. Nxe1 Rxe3+ 43. Kf4 Qxa2 44. Qd8+ Kh7 0-1

[Event "4th Chennai Open"]
[Site "Chennai IND"]
[Date "2012.01.08"]
[Round "7"]
[White "Vishnu Prasanna, V"]
[Black "Lokesh, P."]
[Result "1-0"]
[WhiteTitle "IM"]
[WhiteElo "2392"]
[BlackElo "2215"]
[WhiteFideId "5030692"]
[BlackFideId "5023157"]
[EventDate "2012.01.04"]

1. e4 c5 2. Nf3 d6 3. Bc4 Nc6 4. c3 Nf6 5. d3 e6 6. Bb3 Be7 7. O-O O-O 8. Qe2 e5
9. Nbd2 h6 10. Re1 Re8 11. Nf1 d5 12. Ng3 Be6 13. h3 a5 14. Ba4 Bd6 15. Nh2 Qd7
16. Nh5 Nxh5 17. Qxh5 f5 18. exf5 Bxf5 19. Bb3 Be6 20. Ng4 Qf7 21. Qh4 a4 22.
Bd1 Qe7 23. Qg3 Bxg4 24. Qxg4 Qe6 25. Qxe6+ Rxe6 26. Bf3 Ne7 27. c4 dxc4 28.
dxc4 Rb8 29. Bd2 Kh8 30. Bc3 Nf5 31. Bg4 Rf8 32. Rad1 Rg6 33. Bxe5 Nd4 34. Bxd6
Rxd6 35. Re7 b6 36. Rde1 Rdf6 37. f3 R6f7 38. Bh5 Rxe7 39. Rxe7 a3 40. bxa3 Kh7
41. Rb7 Rf6 42. Bf7 Nc2 43. Kf2 Nd4 44. Bd5 h5 45. h4 Kh6 46. Rb8 Kg6 47. a4 Kh6
48. Rh8+ Kg6 49. Be4+ Kf7 50. Rxh5 Rd6 51. a5 bxa5 52. Rxc5 Rb6 53. Rxa5 Kf6 54.
g4 Rb4 55. g5+ Ke7 56. Re5+ Kf7 57. Ke3 1-0

[Event "4th Chennai Open"]
[Site "Chennai IND"]
[Date "2012.01.08"]
[Round "7"]
[White "Akshayraj, Kore"]
[Black "Vinoth Kumar, M."]
[Result "1-0"]
[WhiteTitle "IM"]
[BlackTitle "FM"]
[WhiteElo "2386"]
[BlackElo "2150"]
[WhiteFideId "5012414"]
[BlackFideId "5011574"]
[EventDate "2012.01.04"]

1. d4 c5 2. c3 e6 3. Nf3 b6 4. e4 Bb7 5. Bd3 d6 6. O-O Nd7 7. Qe2 Ngf6 8. Re1
Be7 9. a4 Qc7 10. Nbd2 h6 11. Nf1 c4 12. Bc2 d5 13. e5 Nh7 14. Ng3 O-O-O 15. a5
b5 16. a6 Bc6 17. b3 Nb6 18. Nd2 Nf8 19. f4 g6 20. Ba3 Bxa3 21. Rxa3 Qe7 22. Ra5
Nfd7 23. Ngf1 Kc7 24. Ne3 Rb8 25. Rb1 Rhc8 26. Raa1 Kd8 27. Qf2 Na8 28. Kh1 Rb6
29. Qf3 Rcb8 30. Ra5 b4 31. bxc4 bxc3 32. c5 Rb4 33. Rxb4 Rxb4 34. Ndc4 Nb8 35.
Nd6 Rxd4 36. Ng4 Qh4 37. g3 Qh3 38. Ra1 Rd2 39. Rb1 Nd7 40. Nxf7+ Ke7 41. Bxg6
c2 42. Bxc2 Rxc2 43. Nd6 Rc3 44. Qe2 Rxg3 45. Nc8+ Kf8 46. Nxa7 Rxg4 47. Nxc6
Qh5 48. Nd4 Nxc5 49. Qc2 Rg7 50. Qxc5+ Kg8 51. Rb8+ Kh7 52. Qc2+ Rg6 53. Qe2 Qh3
54. Rxa8 Qc3 55. Ra7+ Kh8 56. Ra8+ Kh7 57. Nf3 Qc1+ 58. Ne1 Qc6 59. Ra7+ Kh8 60.
Qc2 Qb5 61. Ra8+ Kh7 62. Ra7+ Kh8 63. Ra8+ Kh7 64. Qd3 Qb4 65. Ra7+ Kh8 66. Ra8+
Kh7 67. Qf1 Qe4+ 68. Nf3 Rg7 69. Rb8 d4 70. Rd8 1-0

[Event "4th Chennai Open"]
[Site "Chennai IND"]
[Date "2012.01.09"]
[Round "8"]
[White "Yu, Ruiyuan"]
[Black "Aleksandrov, Aleksej"]
[Result "1/2-1/2"]
[BlackTitle "GM"]
[WhiteElo "2491"]
[BlackElo "2612"]
[WhiteFideId "8603090"]
[BlackFideId "13500139"]
[EventDate "2012.01.04"]

1. e4 e5 2. Nf3 Nc6 3. d4 exd4 4. Nxd4 Bc5 5. Nxc6 Qf6 6. Qf3 bxc6 7. Nc3 Bd4 8.
Bc4 Ne7 9. Qxf6 Bxf6 10. Be3 d6 11. O-O-O Be6 12. Bb3 a5 13. h4 h5 14. Bd4 Bxd4
15. Rxd4 O-O 16. g3 Rfb8 17. Rhd1 Rb4 18. Bxe6 fxe6 19. a3 Rxd4 20. Rxd4 c5 21.
Rd3 Rb8 22. Ne2 e5 23. f4 Nc6 24. f5 Kf7 25. g4 hxg4 26. Rg3 Nd4 27. Nxd4 exd4
28. b3 a4 29. bxa4 Ra8 30. Kb2 c4 31. Rxg4 Rxa4 32. Rg6 Ra5 33. Re6 Rb5+ 34. Kc1
Ra5 35. Kb2 c3+ 36. Kb3 Rc5 37. Rg6 d3 38. Rg1 d2 39. a4 Kf6 40. a5 Rxa5 41.
Kxc3 Ra4 42. Kd3 Ke5 43. Kxd2 Rxe4 1/2-1/2

[Event "4th Chennai Open"]
[Site "Chennai IND"]
[Date "2012.01.09"]
[Round "8"]
[White "Zeng, Chongsheng"]
[Black "Hoang, Thanh Trang"]
[Result "1/2-1/2"]
[BlackTitle "GM"]
[WhiteElo "2400"]
[BlackElo "2435"]
[WhiteFideId "8603847"]
[BlackFideId "12400149"]
[EventDate "2012.01.04"]

1. e4 e6 2. d4 d5 3. Nc3 Bb4 4. e5 c5 5. a3 Bxc3+ 6. bxc3 Qa5 7. Bd2 Qa4 8. h4
Nc6 9. h5 Nge7 10. Nf3 Bd7 11. Rh4 h6 12. Rf4 g5 13. hxg6 Nxg6 14. Rf6 cxd4 15.
Bd3 Ngxe5 16. Nxe5 Nxe5 17. Qh5 Nxd3+ 18. cxd3 Rh7 19. Rxh6 Rxh6 20. Bxh6 Qc2
21. Bd2 O-O-O 22. Rc1 Qxd3 23. cxd4+ Kb8 24. Qe5+ Ka8 25. Rc3 Qb1+ 26. Rc1 Qe4+
27. Qxe4 dxe4 28. Rc7 f6 29. Bb4 Kb8 30. Bd6 Ba4 31. Rd7+ Kc8 32. Rc7+ Kb8 33.
Bg3 e5 34. Rf7 Rxd4 35. Rxf6 Rd5 36. Re6 Kc7 37. Re7+ Bd7 38. Bxe5+ Kc6 39. Ke2
Rd3 40. a4 Ra3 41. a5 Rxa5 42. Ke3 Ra2 43. Bd4 b5 44. g4 Bxg4 45. Rxa7 Re2+ 46.
Kf4 Bf3 47. Ke5 b4 48. Ra6+ Kb5 49. Rh6 Kc4 50. Rc6+ Kb3 51. Rb6 Rc2 52. Rb8 Rc4
53. Ba1 Kc2 54. Kf4 b3 55. Ke3 Rc7 56. Be5 Rc6 57. Bd4 Rc4 58. Be5 Ra4 59. Rc8+
Kb1 60. Rb8 Kc2 61. Rc8+ Kb1 62. Rb8 Kc2 1/2-1/2

[Event "4th Chennai Open"]
[Site "Chennai IND"]
[Date "2012.01.09"]
[Round "8"]
[White "Sethuraman, S.P."]
[Black "Ravichandran, Siddharth"]
[Result "1-0"]
[WhiteTitle "GM"]
[BlackTitle "IM"]
[WhiteElo "2529"]
[BlackElo "2398"]
[WhiteFideId "5021596"]
[BlackFideId "5010535"]
[EventDate "2012.01.04"]

1. c4 e5 2. Nc3 Nc6 3. g3 f5 4. Bg2 Nf6 5. d3 Bb4 6. Bd2 d6 7. a3 Bxc3 8. Bxc3
O-O 9. Nf3 Qe8 10. O-O Qh5 11. d4 f4 12. dxe5 dxe5 13. gxf4 Bh3 14. fxe5 Ng4 15.
Qd5+ Kh8 16. e6 Rf5 17. Qd7 Rg8 18. Qxc7 Bxg2 19. Kxg2 Rxf3 20. exf3 Nge5 21.
Bxe5 Nxe5 22. Qxb7 Ng6 23. Kh1 Nh4 24. Rg1 Nxf3 25. Rg2 Nh4 26. Rg3 Nf5 27. Rg2
Nh4 28. Qd5 Qe2 29. Rg3 Qxf2 30. Qe4 Ng6 31. Re1 Re8 32. Rf3 Qxb2 33. Qc6 Qb8
34. Rb3 Qd8 35. Qd7 Qa8+ 36. Qd5 Qc8 37. Rb7 Ne7 38. Qd7 Qa8 39. Rb1 h6 40. c5
Kh7 41. c6 a5 42. R1b6 Nf5 43. Qd3 Kg6 44. Rf7 1-0

[Event "4th Chennai Open"]
[Site "Chennai IND"]
[Date "2012.01.09"]
[Round "8"]
[White "Vakhidov, Jahongir"]
[Black "Venkatesh, M.R."]
[Result "0-1"]
[WhiteTitle "IM"]
[BlackTitle "IM"]
[WhiteElo "2419"]
[BlackElo "2499"]
[WhiteFideId "14201801"]
[BlackFideId "5005779"]
[EventDate "2012.01.04"]

1. d4 Nf6 2. c4 e6 3. Nc3 Bb4 4. e3 O-O 5. Bd3 d5 6. Nf3 c5 7. O-O Nc6 8. cxd5
exd5 9. dxc5 Bxc5 10. h3 Be6 11. b3 Rc8 12. Bb2 Qe7 13. Rc1 Rfd8 14. Qe2 a6 15.
Rfd1 Ba7 16. Bb1 h6 17. Qd3 d4 18. Ne4 Nxe4 19. Qxe4 f5 20. Qd3 dxe3 21. Qe2
exf2+ 22. Kf1 Bd7 23. Qc4+ Be6 24. Qe2 Re8 25. Ba1 Bc5 26. Bd3 b5 27. Rd2 Nb4
28. Bb1 Nd5 29. Rxc5 Qxc5 30. Bd4 Qc1+ 31. Rd1 Nf4 32. Qd2 Qxd2 33. Nxd2 Bd5 34.
Bxf5 Re2 35. Nf3 Bxf3 36. gxf3 Rd8 0-1

[Event "4th Chennai Open"]
[Site "Chennai IND"]
[Date "2012.01.09"]
[Round "8"]
[White "Dzhumaev, Marat"]
[Black "Shashikant, Kutwal"]
[Result "1-0"]
[WhiteTitle "GM"]
[WhiteElo "2481"]
[BlackElo "2289"]
[WhiteFideId "14200236"]
[BlackFideId "5006520"]
[EventDate "2012.01.04"]

1. e4 c5 2. Nf3 d6 3. c3 Nf6 4. Be2 g6 5. O-O Bg7 6. d3 O-O 7. Qc2 Nc6 8. a4 b6
9. Re1 Bb7 10. Bf1 h6 11. Na3 e5 12. Nc4 Re8 13. Qb3 Rb8 14. a5 Bc8 15. axb6
axb6 16. Ne3 b5 17. Nd5 Nxd5 18. exd5 Ne7 19. d4 exd4 20. cxd4 Bb7 21. dxc5 Bxd5
22. Qc2 Bxf3 23. gxf3 Nc6 24. Rxe8+ Qxe8 25. cxd6 Nd4 26. Qe4 Qxe4 27. fxe4 Nb3
28. Rb1 Be5 29. Bxh6 Bxd6 30. Rd1 Be5 31. Be3 b4 32. f4 Bg7 33. e5 Bf8 34. Bc4
Bc5 35. Kf2 Na5 36. Bxf7+ Kxf7 37. Bxc5 b3 38. Rd7+ Kg8 39. Bd4 Nc6 40. Bc3 Rd8 1-0

[Event "4th Chennai Open"]
[Site "Chennai IND"]
[Date "2012.01.09"]
[Round "8"]
[White "Vaibhav, Suri"]
[Black "Akshayraj, Kore"]
[Result "0-1"]
[WhiteTitle "IM"]
[BlackTitle "IM"]
[WhiteElo "2448"]
[BlackElo "2386"]
[WhiteFideId "5045185"]
[BlackFideId "5012414"]
[EventDate "2012.01.04"]

1. e4 e5 2. Nf3 Nc6 3. Bb5 Nf6 4. O-O Nxe4 5. d4 Nd6 6. Bxc6 dxc6 7. dxe5 Nf5 8.
Qxd8+ Kxd8 9. Nc3 Bd7 10. h3 h6 11. b3 Kc8 12. Bb2 b6 13. Rad1 Ne7 14. Rd2 c5
15. Rfd1 Be6 16. Ne2 Ng6 17. c4 Kb7 18. Nc3 Be7 19. Kh2 a5 20. a4 Rae8 21. Nd5
Kc8 22. g3 Bg5 23. Re2 Bd8 24. Kg2 h5 25. Bc1 Bf5 26. Rde1 Nf8 27. Bg5 Bxg5 28.
Nxg5 Ne6 29. Nxe6 fxe6 30. Ne3 Be4+ 31. f3 Bc6 32. h4 Rhf8 33. Rf2 Rd8 34. Rd1
Rde8 35. Rd3 Rf7 36. Nf1 Rf5 37. Re3 Rg8 38. Kh3 Rd8 39. Nd2 Rd4 40. f4 Rf8 41.
Nf3 Rd1 42. Ne1 Be8 43. Kg2 Bg6 44. Rfe2 Bf5 45. Kf2 Rfd8 46. Rb2 Ra1 47. Nf3
Rdd1 48. Re1 Rxe1 49. Nxe1 Rc1 50. Re2 Bb1 51. Nf3 Rc3 52. Re3 Rxe3 53. Kxe3 Bc2
54. Nd2 Kd7 55. Ke2 Ke7 56. Kf2 Kf7 57. g4 hxg4 58. h5 Kg8 59. Kg3 Bd1 60. Kh4
Kf8 61. Kg3 Kf7 62. Kh4 Kg8 63. Kg3 c6 64. Kh4 Kf7 65. Kg3 Kf8 66. Kf2 Kg8 67.
Kg3 g6 68. h6 Kh7 69. Ne4 Kxh6 70. Ng5 Bxb3 71. Nxe6 Bxc4 72. Nd8 Kg7 73. Nxc6
Be6 74. Na7 Bd7 0-1

[Event "4th Chennai Open"]
[Site "Chennai IND"]
[Date "2012.01.09"]
[Round "8"]
[White "Ashwath, R."]
[Black "Danielsen, Henrik"]
[Result "0-1"]
[BlackTitle "GM"]
[WhiteElo "2249"]
[BlackElo "2536"]
[WhiteFideId "5021049"]
[BlackFideId "1400185"]
[EventDate "2012.01.04"]

1. d4 d6 2. Nf3 g6 3. c4 Bg7 4. e4 Bg4 5. d5 Nf6 6. Nc3 O-O 7. Be2 Bxf3 8. Bxf3
c6 9. O-O Qc7 10. Bf4 cxd5 11. cxd5 Nbd7 12. Rc1 Rfc8 13. Be3 a6 14. Qb3 Qd8 15.
a4 Rc7 16. a5 Rac8 17. Qa3 Qf8 18. Na4 Bh6 19. b4 Ne5 20. Nb6 Bxe3 21. Qxe3 Nc4
22. Qd3 Nxb6 23. Rxc7 Rxc7 24. axb6 Rc8 25. b5 a5 26. Qa3 Qd8 27. Qxa5 Ra8 28.
Qc3 Qxb6 29. e5 Ne8 30. Rb1 Ra2 31. Qc8 Qxb5 32. Re1 dxe5 33. Bg4 Kg7 34. Bd7
Qb6 35. Rf1 Nd6 36. Qc3 f6 37. Qh3 Ne4 38. Qh4 Nxf2 0-1

[Event "4th Chennai Open"]
[Site "Chennai IND"]
[Date "2012.01.09"]
[Round "8"]
[White "Kravtsiv, Martyn"]
[Black "Ankit, R. Rajpara"]
[Result "1-0"]
[WhiteTitle "GM"]
[WhiteElo "2602"]
[BlackElo "2349"]
[WhiteFideId "14113147"]
[BlackFideId "5023335"]
[EventDate "2012.01.04"]

1. e4 c6 2. d4 d5 3. e5 Bf5 4. Nf3 e6 5. Be2 c5 6. Be3 cxd4 7. Nxd4 Ne7 8. Bg5
Nbc6 9. Nxf5 exf5 10. Nc3 Nxe5 11. O-O f6 12. Be3 g6 13. Re1 Kf7 14. h3 Kg7 15.
Bf1 h5 16. a3 a6 17. Qd2 Qd6 18. Rad1 Rd8 19. b4 Qc7 20. Bc5 d4 21. Ne2 N7c6 22.
Nxd4 Qf7 23. c3 Bxc5 24. bxc5 Rhe8 25. f4 Re7 26. Qc2 Nxd4 27. cxd4 Nc6 28. Rxe7
Qxe7 29. d5 Qe3+ 30. Qf2 Qb3 31. Rd3 Qb1 1-0

[Event "4th Chennai Open"]
[Site "Chennai IND"]
[Date "2012.01.09"]
[Round "8"]
[White "Ghosh, Diptayan"]
[Black "Rahman, Ziaur"]
[Result "1/2-1/2"]
[WhiteTitle "FM"]
[BlackTitle "GM"]
[WhiteElo "2372"]
[BlackElo "2523"]
[WhiteFideId "5045207"]
[BlackFideId "10200037"]
[EventDate "2012.01.04"]

1. d4 e6 2. c4 b6 3. Nc3 Bb4 4. Nf3 Bxc3+ 5. bxc3 Bb7 6. Bg5 f6 7. Bf4 Ne7 8. e3
d6 9. Bg3 e5 10. Qc2 h5 11. h4 Nbc6 12. Rd1 Qc8 13. c5 bxc5 14. dxc5 dxc5 15. e4
Ba6 16. Be2 Bxe2 17. Qxe2 Qe6 18. O-O Rb8 19. Ne1 Qg4 20. Nf3 Qg6 21. Nd2 Rb2
22. a4 O-O 23. Qc4+ Kh7 24. Qxc5 Rd8 25. Qe3 Ra2 26. Nb3 Rxd1 27. Rxd1 Rxa4 28.
Nc5 Ra5 29. Rd7 Qg4 30. Rd2 Ng6 31. Kh2 f5 32. exf5 Nxh4 33. f6 Nf5 34. Qe4 Qxe4
35. Nxe4 gxf6 36. Rd7+ Kg6 37. Rxc7 Nd8 38. f3 Ra2 39. Bf2 a5 40. Ra7 Ne6 41.
Ra6 Nfg7 42. Bh4 Ra4 43. Bxf6 Rxe4 44. Bxg7 Re3 45. Rxe6+ Kxg7 46. Ra6 1/2-1/2

[Event "4th Chennai Open"]
[Site "Chennai IND"]
[Date "2012.01.09"]
[Round "8"]
[White "Neelotpal, Das"]
[Black "Babu, N Sudhakar"]
[Result "1/2-1/2"]
[WhiteTitle "GM"]
[BlackTitle "IM"]
[WhiteElo "2471"]
[BlackElo "2327"]
[WhiteFideId "5003512"]
[BlackFideId "5000068"]
[EventDate "2012.01.04"]

1. d4 Nf6 2. c4 e6 3. Nf3 d5 4. g3 dxc4 5. Bg2 Nc6 6. Qa4 Nd5 7. Qxc4 Nb6 8. Qb5
a6 9. Qd3 e5 10. Nxe5 Nb4 11. Qd1 Qxd4 12. Qxd4 Nc2+ 13. Kd1 Nxd4 14. Be3 Nf5
15. Bxb6 cxb6 16. Nd2 Bd6 17. Nd3 O-O 18. e3 Re8 19. Rc1 Rb8 20. Ne4 Bf8 21. Nc3
Bd7 22. Kc2 Bc6 23. Nf4 Bd6 24. Nfd5 Ne7 25. Rhd1 Nxd5 26. Bxd5 Rbd8 27. Kb3 a5
28. Rd3 b5 29. Rcd1 Be7 30. Bxc6 bxc6 31. a4 Rb8 32. axb5 cxb5 33. Rd5 a4+ 34.
Ka2 a3 35. Rxb5 axb2 36. Kxb2 Bf6 37. Rxb8 Rxb8+ 38. Kc2 Bxc3 39. Kxc3 Rc8+ 40.
Kd3 f5 41. Ke2 Kf7 42. Kf3 Rc2 43. h3 h5 44. Rd4 Kf6 45. g4 hxg4+ 46. hxg4 g6
47. Kg3 Rc6 48. Kf4 Ra6 49. Rb4 Rc6 50. g5+ Ke6 51. f3 Ra6 52. Rb7 Ra4+ 53. Kg3
Ra6 54. Kf4 Ra4+ 55. e4 fxe4 56. fxe4 Ra1 57. Rb6+ Kf7 58. Rb7+ Ke6 59. Rb6+ Kf7
60. Ke5 Ra5+ 61. Kd6 Rxg5 62. e5 Rg1 63. Rb7+ Kf8 64. Rb8+ Kg7 65. Rb7+ Kf8 66.
Rb8+ Kg7 67. e6 Rd1+ 68. Ke7 g5 69. Ke8 g4 70. e7 Re1 71. Rb4 Kf6 72. Rb6+ Kf5
73. Kf7 Rxe7+ 74. Kxe7 g3 75. Kf7 Kf4 76. Rg6 Kf3 77. Kf6 g2 1/2-1/2

[Event "4th Chennai Open"]
[Site "Chennai IND"]
[Date "2012.01.09"]
[Round "8"]
[White "Barua, Dibyendu"]
[Black "Narayanan, S.L."]
[Result "1/2-1/2"]
[WhiteTitle "GM"]
[WhiteElo "2460"]
[BlackElo "2320"]
[WhiteFideId "5000025"]
[BlackFideId "5058422"]
[EventDate "2012.01.04"]

1. e4 c5 2. Nf3 d6 3. d4 cxd4 4. Nxd4 Nf6 5. Nc3 a6 6. Be2 e5 7. Nb3 Be7 8. O-O
O-O 9. Kh1 b6 10. a4 Bb7 11. f3 Nc6 12. Nd5 Nxd5 13. exd5 Nb4 14. c4 a5 15. Be3
Qc7 16. Nc1 f5 17. Nd3 Na6 18. Qb3 Nc5 19. Nxc5 bxc5 20. Bd3 Bc8 21. Qc2 Rb8 22.
Bd2 Bd7 23. Rae1 Qd8 24. Bc3 Rf7 25. g3 g6 26. Qd2 Ra8 27. Bc2 Bg5 28. Qg2 Bf6
29. Qd2 Kg7 30. Re2 f4 31. g4 Rf8 32. Rg1 Be8 33. b3 g5 34. Kg2 Bg6 35. Rb1 Rh8
36. h3 Bxc2 37. Qxc2 Qd7 38. Ree1 h5 39. Qe4 Rh7 40. Rh1 Qf7 41. Rbe1 Qg6 42.
Qe2 Rh6 43. Qd2 Rah8 44. Qe2 Qh7 45. Qe4 Qxe4 46. Rxe4 hxg4 47. fxg4 Bd8 48. Bd2
Bc7 49. Bc3 f3+ 50. Kg3 f2 51. Kxf2 Rxh3 52. Rxh3 Rxh3 53. Re3 Rh2+ 54. Kf3 Rh1
55. Be1 Rf1+ 56. Kg2 Rf4 57. Kg3 Bd8 58. Bc3 Kg6 59. Re2 Rf8 60. Re4 Rf7 61. Re3
Rf1 62. Re1 Rf7 63. Re2 Rf1 64. Re1 Rf7 65. Bd2 Rb7 66. Re3 Ra7 67. Re1 Bf6 68.
Re3 Ra8 69. Kg2 Ra7 70. Be1 Bd8 71. Bd2 Re7 72. Re4 Kf7 1/2-1/2

[Event "4th Chennai Open"]
[Site "Chennai IND"]
[Date "2012.01.09"]
[Round "8"]
[White "Praveen Kumar, C."]
[Black "Thejkumar, M. S."]
[Result "1-0"]
[WhiteTitle "IM"]
[BlackTitle "IM"]
[WhiteElo "2338"]
[BlackElo "2455"]
[WhiteFideId "5007372"]
[BlackFideId "5009154"]
[EventDate "2012.01.04"]

1. d4 Nf6 2. c4 c5 3. d5 b5 4. cxb5 a6 5. b6 d6 6. Nc3 Nbd7 7. a4 Qxb6 8. a5 Qb4
9. Nf3 g6 10. Nd2 Bg7 11. e4 O-O 12. Be2 Ne5 13. O-O c4 14. Ra4 Qc5 15. Nxc4
Nxc4 16. Rxc4 Qxa5 17. Ra4 Qb6 18. Ra2 Bd7 19. Be3 Qb4 20. Qd4 Rfb8 21. Qxb4
Rxb4 22. f3 a5 23. Rfa1 Ne8 24. Nd1 a4 25. Bd2 Rb7 26. Bc3 Rab8 27. Bd3 f5 28.
exf5 gxf5 29. Ne3 Bxc3 30. bxc3 Ng7 31. Kf2 Rc7 32. Nd1 Nh5 33. Ke3 Nf6 34. c4
Rb4 35. Nc3 f4+ 36. Kd4 Rc5 37. Rb1 Rxb1 38. Bxb1 e5+ 39. dxe6 Bxe6 40. Rxa4 Rh5
41. Ra6 Rxh2 42. Rxd6 Kf7 43. Ne4 Nxe4 44. Bxe4 Rxg2 45. Bd5 Bxd5 46. cxd5 Re2
47. Rh6 Kg7 48. Rh4 Kg6 49. Rxf4 h5 50. d6 Kg5 51. Re4 Rd2+ 52. Ke5 Rd3 53. f4+
Kg6 54. Ke6 h4 55. f5+ Kg5 56. f6 Rf3 1-0

[Event "4th Chennai Open"]
[Site "Chennai IND"]
[Date "2012.01.09"]
[Round "8"]
[White "Debashis, Das"]
[Black "Sagar, Shah"]
[Result "1-0"]
[WhiteTitle "IM"]
[WhiteElo "2389"]
[BlackElo "2298"]
[WhiteFideId "5024854"]
[BlackFideId "5022509"]
[EventDate "2012.01.04"]

1. d4 Nf6 2. c4 e6 3. Nc3 Bb4 4. Qc2 O-O 5. a3 Bxc3+ 6. Qxc3 b6 7. Bg5 Ba6 8. e3
d6 9. Bd3 Nbd7 10. Ne2 h6 11. Bh4 c5 12. Qb3 Rc8 13. Qa4 cxd4 14. exd4 Nb8 15.
Rd1 Qd7 16. Qb4 d5 17. Bxf6 dxc4 18. Bb1 gxf6 19. Qd2 Kg7 20. Nf4 Rh8 21. Nh5+
Kf8 22. Nxf6 Qd6 23. Ne4 Qd5 24. O-O Bb7 25. f4 Nc6 26. Nc3 Qd6 27. Be4 f5 28.
Bf3 Rd8 29. d5 Ne7 30. Qd4 Kf7 31. Nb5 Qd7 32. dxe6+ Qxe6 33. Bh5+ Ng6 34. Nd6+
Kg8 35. Bxg6 Rxd6 36. Qxd6 Qe3+ 37. Rf2 1-0

[Event "4th Chennai Open"]
[Site "Chennai IND"]
[Date "2012.01.10"]
[Round "9"]
[White "Aleksandrov, Aleksej"]
[Black "Oleksienko, Mikhailo"]
[Result "1/2-1/2"]
[WhiteTitle "GM"]
[BlackTitle "GM"]
[WhiteElo "2612"]
[BlackElo "2563"]
[WhiteFideId "13500139"]
[BlackFideId "4152417"]
[EventDate "2012.01.04"]

1. d4 d5 2. c4 c6 3. Nc3 Nf6 4. e3 Bf5 5. cxd5 cxd5 6. Qb3 Bc8 7. Nf3 e6 8. Bd3
Nc6 9. O-O Bd6 10. e4 dxe4 11. Nxe4 Nd5 12. Bg5 f6 13. Nxd6+ Qxd6 14. Bh4 O-O
15. Bg3 Qd8 16. Rfe1 h6 17. Rad1 Qb6 18. Qxb6 Nxb6 19. Bd6 Re8 20. Bg6 Rd8 21.
Bc7 Rf8 22. Bd6 Rd8 23. Bc7 Rf8 24. Bxb6 axb6 25. a3 Rd8 26. Be4 Kf8 27. h3 b5
28. d5 exd5 29. Bxd5 Bf5 30. Rd2 Bg6 31. Red1 Bf7 32. Bxf7 Kxf7 33. Rxd8 Rxd8
34. Rxd8 Nxd8 35. Nd4 b4 36. axb4 g6 37. Kf1 Ke7 38. Ke2 Kd6 39. Kd3 Kd5 40. f4
h5 41. g3 Nf7 42. Nb5 Nh6 43. Nc3+ Ke6 44. Ne4 Nf5 45. g4 hxg4 46. hxg4 Nh4 47.
Ke2 Ng2 48. Kf3 Ne1+ 49. Kf2 Nd3+ 50. Ke3 Nxb4 51. Nc5+ Kd5 52. Nxb7 Nc2+ 53.
Kd3 Ne1+ 54. Ke2 Ng2 55. Kf3 Ne1+ 56. Kg3 Nd3 57. b3 Nc1 58. b4 Na2 59. b5 Nc3
60. b6 1/2-1/2

[Event "4th Chennai Open"]
[Site "Chennai IND"]
[Date "2012.01.10"]
[Round "9"]
[White "Akshayraj, Kore"]
[Black "Deepan, Chakkravarthy J."]
[Result "1-0"]
[WhiteTitle "IM"]
[BlackTitle "GM"]
[WhiteElo "2386"]
[BlackElo "2495"]
[WhiteFideId "5012414"]
[BlackFideId "5011132"]
[EventDate "2012.01.04"]

1. d4 d5 2. c4 c6 3. Nf3 Nf6 4. e3 g6 5. Nc3 Bg7 6. Be2 O-O 7. O-O a6 8. b3 Bg4
9. h3 Bxf3 10. Bxf3 e6 11. Bb2 Nbd7 12. Rc1 Re8 13. Re1 Qb6 14. Qc2 Rad8 15.
Red1 Qa7 16. Ne2 Qb8 17. Ng3 h5 18. a4 Nf8 19. b4 Rc8 20. e4 h4 21. Ne2 dxe4 22.
Bxe4 e5 23. d5 cxd5 24. Bxd5 Nxd5 25. Rxd5 Qc7 26. Qe4 Qe7 27. c5 Nd7 28. Rd6
Nb8 29. Nc3 Nc6 30. Qg4 Rcd8 31. Nd5 Qf8 32. b5 axb5 33. axb5 Nd4 34. Nc7 Re7
35. b6 f5 36. Qxh4 Ne2+ 37. Kh2 Nxc1 38. Ne6 Rxe6 39. Rxd8 Re8 40. Qc4+ Kh7 41.
Qh4+ Kg8 42. Qc4+ Kh7 43. Rd7 Nb3 44. Qxb3 Qxc5 45. Qf7 Rg8 46. Qf6 1-0

[Event "4th Chennai Open"]
[Site "Chennai IND"]
[Date "2012.01.10"]
[Round "9"]
[White "Ma, Qun"]
[Black "Zeng, Chongsheng"]
[Result "0-1"]
[WhiteElo "2475"]
[BlackElo "2400"]
[WhiteFideId "8603154"]
[BlackFideId "8603847"]
[EventDate "2012.01.04"]

1. e4 e5 2. Nf3 d6 3. Bb5+ Nd7 4. O-O a6 5. Bxd7+ Bxd7 6. Re1 c5 7. c3 c4 8. b3
b5 9. d3 cxd3 10. Qxd3 h6 11. Ba3 Be6 12. Nbd2 Nf6 13. c4 Be7 14. cxb5 Qa5 15.
Nc4 Bxc4 16. Qxc4 O-O 17. Bb4 axb5 18. Bxa5 bxc4 19. b4 Rfc8 20. Rac1 c3 21. Re3
Bd8 22. Bxd8 Rxd8 23. Rcxc3 Rxa2 24. h3 Rb2 25. Rcd3 Rd7 26. Nd2 Rxb4 27. Rb3
Rd4 28. Red3 Rxd3 29. Rxd3 d5 30. exd5 Rxd5 31. Rxd5 Nxd5 32. h4 h5 33. g3 f6
34. Kg2 Kf7 35. Kf3 Ke6 36. Ke2 Kf7 37. Kf3 Ke6 38. Nc4 f5 39. Nd2 f4 40. gxf4
exf4 41. Ne4 Ne7 0-1

[Event "4th Chennai Open"]
[Site "Chennai IND"]
[Date "2012.01.10"]
[Round "9"]
[White "Debashis, Das"]
[Black "Kravtsiv, Martyn"]
[Result "0-1"]
[WhiteTitle "IM"]
[BlackTitle "GM"]
[WhiteElo "2389"]
[BlackElo "2602"]
[WhiteFideId "5024854"]
[BlackFideId "14113147"]
[EventDate "2012.01.04"]

1. d4 d5 2. c4 e6 3. Nc3 Be7 4. cxd5 exd5 5. Bf4 c6 6. e3 Bf5 7. Nge2 Nd7 8. Ng3
Bg6 9. Nh5 Qb6 10. Be2 Qxb2 11. Na4 Qb4+ 12. Kf1 b5 13. Nc5 Nxc5 14. dxc5 Bxh5
15. Bxh5 Qxc5 16. Rc1 Qb6 17. Bf3 Nf6 18. g4 Rd8 19. Qc2 c5 20. g5 Ne4 21. Bxe4
dxe4 22. Qxe4 Qe6 23. Qb7 Qd7 24. Qa6 O-O 25. h4 f6 26. Rg1 Kh8 27. Rg3 c4 28.
Kg1 fxg5 29. hxg5 Qd2 30. Rf1 c3 31. Rh3 Qd7 32. Kg2 Qg4+ 33. Rg3 Qf5 34. g6 c2
35. Rh1 Qe4+ 36. Rf3 Rd6 0-1

[Event "4th Chennai Open"]
[Site "Chennai IND"]
[Date "2012.01.10"]
[Round "9"]
[White "Danielsen, Henrik"]
[Black "Praveen Kumar, C."]
[Result "1/2-1/2"]
[WhiteTitle "GM"]
[BlackTitle "IM"]
[WhiteElo "2536"]
[BlackElo "2338"]
[WhiteFideId "1400185"]
[BlackFideId "5007372"]
[EventDate "2012.01.04"]

1. Nf3 e6 2. c4 Nf6 3. g3 b6 4. Bg2 Bb7 5. O-O g6 6. d4 Bg7 7. Nc3 O-O 8. Bg5 h6
9. Bxf6 Qxf6 10. e4 d6 11. d5 Nd7 12. Rc1 a6 13. Bh3 Rad8 14. b4 Rfe8 15. Qd3
Ne5 16. Nxe5 Qxe5 17. Rfd1 Bc8 18. f4 Qh5 19. Bg2 e5 20. Bf3 Qh3 21. Ne2 exf4
22. Nxf4 Qd7 23. c5 bxc5 24. bxc5 dxc5 25. Rxc5 Qe7 26. Rc2 Be5 27. Ne2 Bd7 28.
Nd4 Ba4 29. Nc6 Qf6 30. Be2 Bxc2 31. Qxc2 Rb8 32. Nxb8 Rxb8 33. Rf1 Qb6+ 1/2-1/2